00445nam a2200145Ia 4500003000400000008004100004020002700045040000800072100001900080245008500099260004900184300001400233365001200247440004000259LDD181029s9999 xx 000 0 und d a9781350048577cP 28.99 cLDD aNado, Jennifer 0aAdvances in experimental philosophy and philosophical methodologycJennifer Nado aLondonbBloomsbury Academic Publishingc2017 aviii, 179 bP 28.99 aAdvances in Experimental Philosophy